header

Academic librarianship in the 21st century (Record no. 164186)

MARC details
000 -LEADER
fixed length control field 02085nam a2200373 a 4500
082 04 - DEWEY DECIMAL CLASSIFICATION NUMBER
Classification number 027.7
245 00 - TITLE STATEMENT
Title Academic librarianship in the 21st century
260 ## - PUBLICATION, DISTRIBUTION, ETC. (IMPRINT)
Place of publication Hauppauge, N.Y. :
Name of publisher Nova Science Publishers,
Year of publication c2009.
300 ## - PHYSICAL DESCRIPTION
Number of Pages xi, 107 p. :
Other physical details ill.
505 0# - FORMATTED CONTENTS NOTE
Formatted contents note The impact of license agreements on access to information : a challenge for academic libraries / Stacey L. Bowers -- Users' information needs in academic libraries of the 21st century : assessment of the LibQUAL+TM tools in improving service quality standards / Maria Anna Jankowska -- Bibliographic management software and Z39.50 connection in Thai academic libraries / Aurathai Waressa-ard -- Fair use in the twenty-first century : a librarian's perpective / Angela Weiler -- Increasing information retrieval through subject access improvements / Susan E. Russell and Jie Huang -- An overview of LIS open access literature / Angel Borrego, Candela Olle, and Marta Somoza.
650 #0 - SUBJECT ADDED ENTRY--TOPICAL TERM
Topical Term Academic libraries.
Topical Term Library copyright policies
Topical Term Fair use (Copyright)
Topical Term Bibliography
700 1# - ADDED ENTRY--PERSONAL NAME
Personal name Garcia, Claudia M.
Personal name Flores, Teresa A.
856 40 - ELECTRONIC LOCATION AND ACCESS
Uniform Resource Identifier http://site.ebrary.com/lib/rucke/Doc?id=10675182

No items available.

© 2026 Rongo University
Contact us: librarian | system librarian | Rongo university